000 00790nam a2200229 a 4500
001 000033207
003 DO-SdBNP
005 20240229073938.0
007 ta
008 110822s1958 dr c 000 0bspa d
040 _aDO-SdBNP
_bspa
_cBNPHU
082 _a923.27293
_bT866C
_222
100 1 _aCruz, Francisco Antonio
_924898
245 1 3 _aEl mecenato de Trujillo /
_cFrancisco Antonio Cruz.
260 _aCuidad Trujillo, República Dominicana :
_b[s.n.],
_c1958.
300 _a23 p. :
_bil., retr. ;
_c23 cm.
586 _a(Primer premio, Certamen Nacional de la voz Dominicana en ocasión de su XV aniversario)
590 _aInventariado, 2018/LP
600 1 0 _aTrujillo Molina, Rafael Leónidas,
_d 1891-1961
_976764
910 _aValidado. Control de calidad MFF
942 _2ddc
_cLBS1
999 _c32698
_d32698